000 00441nam a22001697a 4500
999 _c5412
_d5412
003 GBCCL
005 20241126110541.0
008 180316b ||||| |||| 00| 0 eng d
040 _cgbc
082 _a262.2
_bHAR
100 _aHarlow, R. E.
_97390
245 _aThe Church of the Book /
_cR. E. Harlow
260 _aCanada:
_bChristian Publications Registered,
_c1968
300 _a133 p.;
_c22 cm.
650 _aChurch
_9263
942 _2ddc
_cBK